| 000 | 00632nam a22002297a 4500 | ||
|---|---|---|---|
| 005 | 20220701143806.0 | ||
| 008 | 220701b ||||| |||| 00| 0 eng d | ||
| 020 | _a8175343276 | ||
| 040 | _cAL | ||
| 041 | _aEnglish | ||
| 082 |
_223 _a323.4 _bPARH |
||
| 100 |
_aP H Parekh _946513 |
||
| 245 | _aHuman Rights Year Book 2002 | ||
| 260 |
_aDelhi _bUniversal Law Publishing Co Pvt Ltd _c2002 |
||
| 300 |
_axi,218 p. _bPB _c24x18 cm. |
||
| 365 |
_b₹340.00 _c₹ _d₹340.00 |
||
| 650 |
_aHuman rights _946514 |
||
| 650 |
_aIndia _946515 |
||
| 650 |
_aCivil rights _946516 |
||
| 700 |
_aPAREKH (P H) Ed _946517 |
||
| 942 |
_2ddc _cGF |
||
| 999 |
_c223553 _d223553 |
||